header

Frontiers of particle physics (Record no. 248505)

MARC details
000 -LEADER
fixed length control field 02251nam a2200385Ia 4500
245 10 - TITLE STATEMENT
Title Frontiers of particle physics
260 ## - PUBLICATION, DISTRIBUTION, ETC. (IMPRINT)
Place of publication [River Edge] New Jersey :
Name of publisher World Scientific,
Year of publication c2003.
300 ## - PHYSICAL DESCRIPTION
Number of Pages xiv, 349 p. :
Other physical details ill.
500 ## - GENERAL NOTE
General note At head of title: Faculty of Physics of Moscow State University; Interregional Centre for Advanced Studies.
General note "Following the tradition that has started in 1995, each of the Lomonosov Conferences on particle physics has been accompanied by a conference on problems of intellectuals. The 4th International Meeting on Problems of Intellectuals has been held during the last day of the 10th Lomonosov Conference"--P. x.
650 #0 - SUBJECT ADDED ENTRY--TOPICAL TERM
Topical Term Particles (Nuclear physics)
Topical Term Nuclear physics
Topical Term Intellectuals
Topical Term International cooperation
700 1# - ADDED ENTRY--PERSONAL NAME
Personal name Studenikin, A. I.
856 40 - ELECTRONIC LOCATION AND ACCESS
Uniform Resource Identifier http://site.ebrary.com/lib/rucke/Doc?id=10174016

No items available.

© 2026 Rongo University
Contact us: librarian | system librarian | Rongo university